Coś do butów. - Statystyki

Ogólne statystyki
  • Ten quiz został rozwiązany 54 razy
  • Średni wynik to 3 z 6
Statystyki odpowiedzi
Odpowiedź % Poprawnych
Pasta
93%
Łyżka
51%
Szczotka
51%
Wkładka
47%
Klej
7%
Prawidło
5%
Nie znaleziono quizów pasujących do podanych kryteriów
Rozkład punktacji
Procent ludzi z każdym wynikiem
Percentyl według liczby udzielonych odpowiedzi
Twoja historia wyników
Nie rozwiązałeś tego quizu